Countries Described by an Artifical Intelligence - Statistics

General Stats
  • This quiz has been taken 759 times
  • The average score is 9 of 10
Answer Stats
AI's Description Countries % Correct
? is a country located in North America consisting of ten provinces and three territories. Canada
99%
? is a country located in southern Asia. It is the seventh-largest country in the world by area and the second-most populous country with over 1.3 billion people. ? is a federal republic governed under a parliamentary system. It is a pluralistic, multilingual, and multi-ethnic society and is home to a variety of religions, ethnic groups, and languages. India
97%
? is an island country located in East Asia. It is a self-governing democracy, and its people are ethnically Chinese. Taiwan
94%
? is a small peninsula country in the Middle East that borders Saudi Arabia and the Persian Gulf. It is known for its oil reserves, its luxury hotels, and its status as a major international transport hub. Qatar
89%
? is a country located in northern South America. It has a population of over 31 million people and a total area of 912,050 square kilometers. The country is bordered by Colombia to the west, Brazil to the south, and Guyana to the east. Venezuela
87%
? is a country located in the North Atlantic Ocean. It is a member of the European Union and has a population of around 330,000 people. Iceland
84%
? is a country located in the southwestern Pacific Ocean. It is made up of two main islands, the North Island and the South Island, and a number of smaller islands. The country is known for its beautiful landscapes, including mountains, forests, and beaches, and its friendly people. New Zealand
81%
? is an island country located in the Caribbean Sea. It is the third largest island in the Caribbean and is home to over 2.7 million people. The country is known for its beautiful beaches, lush vegetation, and rich culture. Jamaica
78%
? is an island country located in the Central Pacific. It is the world's smallest republic, with a population of just over 9,000 people. The country is known for its phosphate reserves, which have been mined since the early 1900s. Nauru
71%
? is a country located in northwestern Europe. The country is made up of 12 provinces and has a population of over 17 million people. ?s is a constitutional monarchy and a parliamentary democracy. The country is a member of the European Union. Netherlands
71%
No matching quizzes found
Score Distribution
Percent of People with Each Score
Percentile by Number Answered
Your Score History
You have not taken this quiz